Stephen King Short Story First Line Quiz Stats

Quiz not verified by Sporcle

Challenge
Share
Tweet
Embed
Score 0/60 Timer 10:00
0 Plays Today
% Correct
Rita Hayworth and the Shawshank Redemption
88.3%
The Lawnmower Man
81%
The Sun Dog
80.3%
Sneakers
80.3%
The Langoliers
78.1%
The Night Flier
76.6%
Secret Window, Secret Garden
75.9%
1408
75.9%
The Moving Finger
75.2%
The Mangler
73.7%
Strawberry Spring
73%
The Things They Left Behind
72.3%
Big Driver
70.1%
Graveyard Shift
69.7%
The Gingerbread Girl
69.3%
The Breathing Method
69.3%
The Body
69.3%
Suffer the Little Children
68.6%
Children of the Corn
68.6%
1922
67.9%
The Wedding Gig
67.5%
The Man Who Loved Flowers
67.2%
The Library Policeman
66.4%
The Road Virus Heads North
66.4%
Night Surf
66.4%
Cain Rose Up
65.8%
Here There Be Tygers
65%
You Know They Got a Hell of a Band
64.2%
My Pretty Pony
64.1%
The Man Who Would Not Shake Hands
62.4%
% Correct
Home Delivery
62%
Autopsy Room Four
61.3%
Dolan's Cadillac
61.3%
Paranoid: a Chant
60.7%
Luckey Quarter
59.9%
Beachworld
58.1%
The Cat From Hell
55.5%
The Ledge
55.5%
N.
54.7%
The Mist
53.8%
Willa
51.1%
Mute
49.6%
Battleground
49.6%
Trucks
49.6%
Crouch End
48.2%
The Ten O'Clock People
46.7%
Graduation Afternoon
46%
Premium Harmony
42.9%
Blockade Billy
42.9%
Fair Extension
40.1%
The Woman in the Room
38.7%
The Ballad of the Flexible Bullet
36.8%
Riding the Bullet
34.3%
Summer Thunder
28.6%
The Bone Church
14.3%
Morality
14.3%
Mister Yummy
14.3%
The Little Green God of Agony
14.3%
Under the Weatehr
0%
That Bus is From Another World
0%

You're not logged in!

Compare scores with friends on all Sporcle quizzes.
Join for Free
OR
Log In

You Might Also Like...

Show Comments

Extras

Top Quizzes Today


Score Distribution

Your Account Isn't Verified!

In order to create a playlist on Sporcle, you need to verify the email address you used during registration. Go to your Sporcle Settings to finish the process.

Report this User

Report this user for behavior that violates our Community Guidelines.

Details: